Material y manipulaciones de química / Escuela Elemental del Trabajo
Descripción Física:
32 p., il. ; 30 cm
MARC
| LEADER | 00000nam a2200000Ia 4500 | ||
|---|---|---|---|
| 001 | 17465 | ||
| 008 | 160829s1946 xx 000 0 cat d | ||
| 080 | |a FU-52-25 | ||
| 100 | |a Escola Elemental del Treball (Barcelona) |9 55345 | ||
| 245 | |a Material y manipulaciones de química / Escuela Elemental del Trabajo | ||
| 260 | |a Barcelona: |b E. E. T. Artes Gráficas, |c 1946 | ||
| 300 | |a 32 p., il. ; |c 30 cm | ||
| 590 | |a Prové de S-444 | ||
| 650 | |a Química |x Manipulació |9 47156 | ||
| 650 | |a Química |x Aparells i instruments |9 21814 | ||
| 710 | 1 | |a Barcelona (Catalunya : Província). |b Diputació |9 52408 | |
| 856 | 4 | |u https://media.diba.cat/diba/fitxers/arxiu/fulletons/bib_17465_baixa.pdf |y Accés lliure | |
| 856 | 4 | |u https://media.diba.cat/diba/fitxers/arxiu/fulletons/bib_17465_baixa.pdf |y Accés lliure | |
| 901 | |a Arxiu | ||
| 942 | |n 1 |2 udc | ||
| 952 | |0 0 |1 0 |4 0 |6 FU5225 |7 1 |9 53701 |a Arxiu |b Arxiu |d 2016-12-01 |l 0 |o FU-52-25 |p 17465 |r 2016-12-01 00:00:00 |w 2016-12-01 |y ARXIU | ||
| 999 | |c 57567 |d 57567 | ||
| 900 | |a bib_17465_baixa.pdf | ||